<?xml version="1.0" encoding="UTF-8"?>
<collection xmlns="http://www.loc.gov/MARC21/slim">
 <record>
  <leader>01740nam a2200205Ia 4500</leader>
  <controlfield tag="001">CTU_102896</controlfield>
  <controlfield tag="008">210402s9999    xx            000 0 und d</controlfield>
  <datafield tag="082" ind1=" " ind2=" ">
   <subfield code="a">338.9</subfield>
  </datafield>
  <datafield tag="082" ind1=" " ind2=" ">
   <subfield code="b">T763/CD.1</subfield>
  </datafield>
  <datafield tag="110" ind1=" " ind2=" ">
   <subfield code="a">The World Bank</subfield>
  </datafield>
  <datafield tag="245" ind1=" " ind2="0">
   <subfield code="a">Trade CAN :</subfield>
  </datafield>
  <datafield tag="245" ind1=" " ind2="0">
   <subfield code="b">Database tool to analyze international competitiveness</subfield>
  </datafield>
  <datafield tag="245" ind1=" " ind2="4">
   <subfield code="c">The World Bank</subfield>
  </datafield>
  <datafield tag="260" ind1=" " ind2=" ">
   <subfield code="a">Washington</subfield>
  </datafield>
  <datafield tag="260" ind1=" " ind2=" ">
   <subfield code="b">The World Bank</subfield>
  </datafield>
  <datafield tag="260" ind1=" " ind2=" ">
   <subfield code="c">2006</subfield>
  </datafield>
  <datafield tag="520" ind1=" " ind2=" ">
   <subfield code="a">TradeCAN 2005 is a comprehensive database and versatile toolbox for the analysis of the competitiveness of nations. It is based on the official UN international trade statistics, using the 4-digit standard international trade classification. It covers the period 1985-2002 for all exporter countries and incorporates 90% of world trade. Around the central concept of &quot;market share,&quot; TradeCAN offers novel indicators of the quality, structure, and performance of international trade specialization of nations. TradeCAN 2005 contains a user-friendly interface that allows rapid data retrieval and easy report preparation. The &quot;Exercises Guide&quot; provides essential information regarding origin and coverage of the dataset, formulas, and more. The set of exercises is designed so the reader becomes familiar with the system by using it and it guides users step by step through the query and report options. This product will be highly useful to policy makers, consultants, academic researchers and students of international trade, providing empirical and analytical support for analyzing general and specific trade trends and comparative performance by countries and regions.</subfield>
  </datafield>
  <datafield tag="650" ind1=" " ind2=" ">
   <subfield code="a">Developing countries,Economics,World bank</subfield>
  </datafield>
  <datafield tag="904" ind1=" " ind2=" ">
   <subfield code="i">Giang</subfield>
  </datafield>
  <datafield tag="980" ind1=" " ind2=" ">
   <subfield code="a">Trung tâm Học liệu Trường Đại học Cần Thơ</subfield>
  </datafield>
 </record>
</collection>
